Bíró Vencel Székhelyi Gr. Mailáth G. Károly /

Elmentve itt :
Bibliográfiai részletek
Szerzők: Agárdi László
Bíró Vencel
Dokumentumtípus: Cikk
Megjelent: 1943
Sorozat:Magyar pedagógia : a Magyar Tudományos Akadémia Pedagógiai Bizottságának folyóirata 52
Kulcsszavak:Majláth Gusztáv Károly, Pedagógia magyar 19-20. sz., Mailáth G. Károly
Online Access:http://misc.bibl.u-szeged.hu/11697
LEADER 00761nab a2200193 i 4500
001 misc11697
005 20191106141900.0
008 170607s1943 hu o 0|| hun d
022 |a 0025-0260 
040 |a SZTE Miscellanea Repozitórium  |b hun 
041 |a hun 
100 1 |a Agárdi László 
245 1 0 |a Bíró Vencel  |h [elektronikus dokumentum] :  |b Székhelyi Gr. Mailáth G. Károly /  |c  Agárdi László 
260 |c 1943 
300 |a 287-289 
490 0 |a Magyar pedagógia : a Magyar Tudományos Akadémia Pedagógiai Bizottságának folyóirata  |v 52 
695 |a Majláth Gusztáv Károly, Pedagógia magyar 19-20. sz., Mailáth G. Károly 
700 0 1 |a Bíró Vencel  |e aut 
856 4 0 |u http://misc.bibl.u-szeged.hu/11697/1/mp_1943_4265_287-289.pdf  |z Dokumentum-elérés